Hiển hoa trồng ở Cần Thơ
Guardado en:
| Autor principal: | |
|---|---|
| Formato: | Libro |
| Lenguaje: | Undetermined |
| Publicado: |
Cần Thơ
Viện Đại Học Cần Thơ - Đại Học Khoa Học
1970
|
| Materias: | |
| Etiquetas: |
Agregar Etiqueta
Sin Etiquetas, Sea el primero en etiquetar este registro!
|
| Thư viện lưu trữ: | Trung tâm Học liệu Trường Đại học Cần Thơ |
|---|
| LEADER | 00579nam a2200181Ia 4500 | ||
|---|---|---|---|
| 001 | CTU_33641 | ||
| 008 | 210402s9999 xx 000 0 und d | ||
| 082 | |a 581 | ||
| 082 | |b T312 | ||
| 100 | |a Nguyễn Văn Tình | ||
| 245 | 0 | |a Hiển hoa trồng ở Cần Thơ | |
| 245 | 0 | |c Nguyễn Văn Tình | |
| 260 | |a Cần Thơ | ||
| 260 | |b Viện Đại Học Cần Thơ - Đại Học Khoa Học | ||
| 260 | |c 1970 | ||
| 650 | |a botany,flowering plants,plant physiology | ||
| 904 | |i Minh, 991104 | ||
| 980 | |a Trung tâm Học liệu Trường Đại học Cần Thơ | ||